Normal view
MARC view
- Coastal Waters of the World
Entry Topical Term
001 - CONTROL NUMBER
- control field: 122631
003 - CONTROL NUMBER IDENTIFIER
- control field: NUST
005 - DATE AND TIME OF LATEST TRANSACTION
- control field: 20240514121834.0
008 - FIXED-LENGTH DATA ELEMENTS
- fixed length control field: 240514|| aca||aabn | a|a d
040 ## - CATALOGING SOURCE
- Original cataloging agency: NUST
- Transcribing agency: NUST
150 ## - HEADING--TOPICAL TERM
- Topical term or geographic name entry element: Coastal Waters of the World
670 ## - SOURCE DATA FOUND
- Source citation: Work cat.: (NUST): Hinrichsen Don 79567, Coastal Waters of the World, 1998.
